| 000 | 00753nam a2200265 a 4500 | ||
|---|---|---|---|
| 008 | |||
| 020 | _a0071132414 (pbk.) | ||
| 020 | _a9788123926636(pbk.) | ||
| 049 | _aMAIN | ||
| 090 | 0 |
_aTA654 _bCLO |
|
| 100 | 1 | _aClough, Ray W. | |
| 245 | 1 | 0 |
_aDynamics of structures / _cRay W. Clough, Joseph Penzien. |
| 250 | _a2nd ed. | ||
| 260 |
_aNew York : _bMcGraw-Hill, _c1993. |
||
| 300 |
_axxii, 738 p. : _bill. ; _c23 cm. |
||
| 504 | _aIncludes bibliographical references. | ||
| 500 | _aIncludes index. | ||
| 650 | 0 | _aStructural dynamics. | |
| 700 | 1 | _aPenzien, Joseph. | |
| 907 |
_a.b10112029 _b04-10-17 _c19-02-04 |
||
| 003 | |||
| 005 | 20230123133632.0 | ||
| 040 | _cNUST | ||
| 942 |
_cBOOKS _kTA654 _mCLO |
||
| 999 |
_c152004 _d152004 |
||